000 00871aam a2200277 i 4500
001 1654
003 CO-MdBIC
005 20210904112652.0
008 210904t2004 ck aco|| |||| 00| 0 eng d
020 _a958-693-553-1
040 _bspa.
_aCO-MdFUSB
_cCO-MdFUSB
_dCO-MdFUSBC
_erda
041 _aspa
082 0 4 _aR 551.1 C7187t
110 1 _aEl Colombiano
245 1 0 _aTierra : Clima, bosques, glaciares, desiertos, montañas, ríos, océanos, volcanes / Peter Frances, Editor principal; El Colombiano
_c/
260 _aMedellín, Colombia : El Colombiano
264 1 _aMedellín, Colombia :
_bPeriódicos Asociados Ltda.
_c[2005]
264 4 _c© 2005
300 _a414 Pag
_c;
336 _2rdacontent
_atexto
_btxt
337 _2rdamedia
_asin mediación
_bn
338 _2rdacarrier
_avolumen
_bnc
653 _aTierra
942 _cBK
945 _aEstudiante
999 _c32907
_d32907